Normal view
MARC view
Entry AUTORIDADES PERSONAS
001 - NÚMERO DE CONTROL
- campo de control: 465
003 - CONTROL
- campo de control: AR-BaSMT
005 - FECHA Y HORA DE LA ÚLTIMA TRANSACCIÓN
- campo de control: 20260427093521.0
008 - ELEMENTOS LONGITUD FÍSICA
- campo de control de longitud fija: 260427|| aca||aabn | a|a d
040 ## - FUENTE DE CATALOGACIÓN
- Agencia que cataloga: AR-BaSMT
- Idioma de catalogación: spa
- Norma: RDA
100 1# - ENCABEZAMIENTO-NOMBRE DE PERSONA
- Nombre de persona: Zysman, María
- Títulos y otros términos asociados al nombre: Autor Personal
400 0# - TRAZADO DE VÉASE--NOMBRE DE PERSONA
- Nombre de persona: María Zysman
